Café República (Registo nº 6108)

Detalhes MARC
000 -Etiqueta do registo
Valores 00810cam a2200217 4500
010 ## - Número ISBN
ISBN 9722013963
021 ## - Número do Depósito Legal
Número 111891/97
100 ## - Dados gerais de processamento
Dados gerais 19970314d1997 m y0pory5003 ba
200 1# - Titulo e menção de responsabilidade
Título próprio Café República
Informação de outro título Folhetim do mundo vivido em Vila Velha
-- 1914-1945
Primeira menção de responsabilidade Álvaro Guerra
205 ## - Menção da edição
Edição 5ª ed
210 #9 - Publicação
Local de publicação Lisboa
Nome do editor Dom Quixote,
Data de publicação 1997
215 ## - Descrição física 
Paginação / Volumes 247 p.
225 2# - Colecção 
Título próprio da colecção Autores de língua portuguesa
330 ## - Sumário ou Resumo
Texto da nota Café República - folhetim do mundo vivido em Vila Velha, compõe um fresco sobre a vida portuguesa do período das duas Guerras abarcando os mais importantes acontecimentos nacionais e mundiais de 1914 a 1945
675 ## - CDU
Notação 821.134.3-31
Edição PT
Língua por
700 #1 - Autor principal (pessoa individual)
Apelido Guerra,
Nome Álvaro,
Datas 1936-2002
801 #0 - Fonte de origem
País PT
Agência BMVN
Regras de catalogação RPC
830 ## - Notas gerais do catalogador
Criado por Céu Baptista
Data de criação 31.12.2021
990 ## - Elementos KOHA
Tipo de documento Livro
Exemplares
Situação do levantamento Biblioteca de origem Código de barras Cota Permissão de empréstimo Forma de aquisição
  Biblioteca Escola Secundária de Vendas Novas 200000003139 LP GUE/CAF    

Powered by Koha